000 00714nam a2200253Ia 4500
003 OSt
005 20220924115258.0
006 a|||||r|||| 00| 0
007 ta
008 220923b |||||||| |||| 00| 0 urd d
024 _a316051
037 _cTextual
040 _aARTS
_cARTS
_burd
041 _2urd
_aurd
082 _aO168,1NZAx, H2
100 _aZamin Kantoori
_9177531
245 0 _aNirag-e-Maqal
260 _aDelhi
_bAnjuman Taraqqi Urdu India
_c1942
300 _a208p.
_ccm.
650 _aURDU POETRY
700 _a Mohammad Muin Khan Bahadur
_9177532
942 _hO168,1NZAx, H2
_cTEXL
_2CC
999 _c397580
_d397580